ბათუმის შოთა რუსთაველის სახელმწიფო უნივერსიტეტის ბიბლიოთეკა

The Library A WORLD HISTORY. (ბიბ.ჩანაწერი № 44294)

000 -LEADER
fixed length control field 00757nam a2200229Ia 4500
001 - CONTROL NUMBER
control field 11052
003 - CONTROL NUMBER IDENTIFIER
control field GE_BSU
005 - DATE AND TIME OF LATEST TRANSACTION
control field 20240513125318.0
008 - FIXED-LENGTH DATA ELEMENTS--GENERAL INFORMATION
fixed length control field 181216s2008||||enk|||||||||||||| ||eng||
020 ## - INTERNATIONAL STANDARD BOOK NUMBER
International Standard Book Number 9780226092812x
040 ## - CATALOGING SOURCE
Transcribing agency GE_BSU
080 ## - UNIVERSAL DECIMAL CLASSIFICATION NUMBER
Universal Decimal Classification number 027.54(100) C-18
100 ## - MAIN ENTRY--PERSONAL NAME
Personal name Campbell, James W.P
9 (RLIN) 22066
245 #4 - TITLE STATEMENT
Title The Library A WORLD HISTORY.
Statement of responsibility, etc. Photographs by Will Pryce.
264 ## - PRODUCTION, PUBLICATION, DISTRIBUTION, MANUFACTURE, AND COPYRIGHT NOTICE
Place of production, publication, distribution, manufacture China:
Name of producer, publisher, distributor, manufacturer The University of Chicago Press,
Date of production, publication, distribution, manufacture, or copyright notice 2008.
300 ## - PHYSICAL DESCRIPTION
Extent 328 p;
Other physical details ill;
Dimensions 30cm.
520 ## - SUMMARY, ETC.
Summary, etc. შემოსულია ტემპუსის პროექტით.
653 ## - INDEX TERM--UNCONTROLLED
keyword The Library A WORLD HISTORY.
653 ## - INDEX TERM--UNCONTROLLED
keyword ტემპუსის პროექტით
700 ## - ADDED ENTRY--PERSONAL NAME
Personal name Pryce, Will
Relator term ფოტო
9 (RLIN) 22067
942 ## - ADDED ENTRY ELEMENTS (KOHA)
Koha item type წიგნი
Source of classification or shelving scheme
ეგზემპლარები
Withdrawn status Lost status Source of classification or shelving scheme Damaged status Not for loan Permanent Location Current Location Shelving location Date acquired Cost, normal purchase price Full call number Barcode Date last seen Copy number Price effective from Koha item type Public note
          ბათუმის შოთა რუსთაველის სახელმწიფო უნივერსიტეტის მთავარი ბიბლიოთეკა ბათუმის შოთა რუსთაველის სახელმწიფო უნივერსიტეტის მთავარი ბიბლიოთეკა წიგნსაცავი 2018-12-17 114.00 027.54(100) C-18 35440 2018-12-17 35440 2018-12-17 წიგნი 114 ლ.